Minecraft 1.10 - Statistics

General Stats
  • This quiz has been taken 43 times
  • The average score is 4 of 6
Answer Stats
Picture Answer % Correct
Magma Block
100%
Bone Block
97%
Nether Wart Block
64%
Red Nether Bricks
44%
Polar Bear Spawn Egg
38%
Structure Void
21%
No matching quizzes found
Score Distribution
Percent of People with Each Score
Percentile by Number Answered
Your Score History
You have not taken this quiz